000 00422nam a2200145Ia 4500
003 OSt
005 20260331150848.0
008 211028s2011 xx 000 0 und d
040 _cAIMIT LIBRARY
041 _aeng
100 _aRodrigues, Patrick Sabestin;Dhananjaya K.
_g916063
_96824
245 _aFeasibility study on services of Bill mail ID Mangalore /
260 _aMangalore
_bDhananjaya K
_c2011
942 _2ddc
_cPRO
999 _c218394
_d218394